000 00990nam a22002897a 4500
005 20260407162342.0
008 260407t20162021ck ||||| |||| 00| 0 spa d
020 _a978-958-771-387-9
040 _aIste
041 _aspa
044 _ack
082 _a612.39:616-006
_bR6182
100 _aRodríguez Félix, César
_cAutor
_eAutor
_99495
245 _aNutrición oncológica:
_bguía de alimentación para vivir mejor.
250 _a1a. ed.
_b1a. reimp.
260 _aBogotá - Colombia
_bECOE
_c2021
300 _a136 páginas,
_bgráficos, ilustraciones, tablas.
650 _aNUTRICIÓN ENTERA
_99496
650 _aNUTRICIÓN PARENTERAL
_99497
650 _aALIMENTACIÓN Y DIETA
_99498
650 _aALIMENTACIONES PARA PACIENTES CON CÁNCER
_99499
650 _aALIMENTACIÓN PARA PACIENTE CON QUIMIOTERAPIA
_99500
653 _aTECNOLOGÍA Y CIENCIAS MÉDICAS
653 _aMEDICINA
700 _aMauricio Alza, Saby
_eAutor
_99501
942 _2udc
_cLB
_zUCat
999 _c1877
_d1877